00541nam a2200193Ii 450000100060000000300090000600800410001502000180005604000330007404100080010708200220011510000280013724500390016526400500020430000120025433600260026633700280029233800270032018166CO-ViMGA241108s9999||||xx |||||||||||||| ||und|| a9789587420500 aCO-ViMGAbspaerdacCO-ViMGA0 aspa04aR 750.9209861 R641 aCarlos Rojas González10aCarlos Rojas :bpinturas y dibujos 1aBogotá, Colombia : Gamma ; Davivienda, 2013 avolumen atextbtxt2rdacontent aunmediatedbn2rdamedia avolumebnc2rdacarrier